Mystery of vibrationless-vibration in Kashmir Shaivism (Record no. 397020)

MARC details
000 -LEADER
fixed length control field 00553nam a22002177a 4500
005 - DATE & TIME
control field 20260216152455.0
008 - FIXED-LENGTH DATA ELEMENTS--GENERAL INFORMATION
fixed length control field 260216b |||||||| |||| 00| 0 eng d
020 ## - ISBN
Price Rs. 700.00
040 ## - CATALOGING SOURCE
Original cataloging agency VIVEKANANDA LIBRARY
082 ## - DDC NUMBER
Classification number 294.5436
Book Number L149M
100 ## - MAIN ENTRY--PERSONAL NAME
Personal name Lakshmanjoo, Swami
245 ## - TITLE STATEMENT
Title Mystery of vibrationless-vibration in Kashmir Shaivism
250 ## - EDITION STATEMENT
Edition statement 2nd
260 ## - PUBLICATION, DISTRIBUTION, ETC. (IMPRINT)
Place of publication, distribution, etc Jammu
Name of publisher, distributor, etc Kashmir Shaiva Institue
Date of publication, distribution, etc 2022
300 ## - PHYSICAL DESCRIPTION
Pages xxii, 323
650 ## - Subject
Subject Religious
650 ## - Subject
Subject Hinduism
650 ## - Subject
Subject Shaivism
700 ## - Added Entry Personal Name
Added Entry Personal Name Hughes, John, ed.
942 ## - ADDED ENTRY ELEMENTS (KOHA)
Koha item type Books
Holdings
Withdrawn status Lost status Source of classification or shelving scheme Damaged status Not for loan Location (home branch) Sublocation or collection (holding branch) Shelving location Date acquired Koha issues (times borrowed) Koha full call number Accession No. Koha date last seen Koha item type
    Dewey Decimal Classification     VIVEKANANDA LIBRARY VIVEKANANDA LIBRARY Vivekananda Library 16/02/2026 1 294.5436 L149M 314626 17/04/2026 Books
© Designed and Maintained by Vivekananda Library, MDU Rohtak